• 首页
  • 本馆介绍
  • 公告通知
  • 最新文献
  • 馆藏检索
  • 电子资源
  • 读者导购
  • 参考咨询
  • 我的图书馆
  • 登录
  • 详细信息显示
  • 放入我的书架
  • 预约/预借图书
  • 作者相关作品
  • 分类相关作品
  • 丛书相关作品
  • 出版社相关作品

书目信息

  • 表格格式
  • 工作单格式
  • 卡片格式
题名:
药剂学
    
 
作者: 杨红梅 主编
分册:  
出版信息: 天津   天津科学技术出版社  2020.07
页数: 410页
开本: 26cm
丛书名:
单 册:
中图分类: R94
科图分类:
主题词: 药剂学--yao ji xue
电子资源:
ISBN: 978-7-5576-8354-2
000 00810nam0 2200229 450
001 CAL 0120203055758
005 20230217093112.0
010    @a978-7-5576-8354-2@dCNY69.00
100    @a20200817d2020 em y0chiy0120 ea
101 0  @achi
102    @aCN@b120000
105    @aa z 000yy
106    @ar
200 1  @a药剂学@Ayao ji xue@f主编杨红梅
210    @a天津@c天津科学技术出版社@d2020.07
215    @a410页@c图@d26cm
330    @a本书分为三大模块, 分别详细介绍了液体制剂、无菌制剂、固体制剂、膏剂、膜剂、凝胶剂、栓剂、气雾剂、喷雾剂、粉雾剂、中药制剂、固体分散体、包合物、微球与微囊、缓 (控) 释制剂、生物技术药物制剂的处方设计基本原理等。
606 0  @a药剂学@Ayao ji xue
690    @aR94@v5
701  0 @a杨红梅@Ayang hong mei@4主编
801  0 @aCN@bBJXHZP@c20230228
905    @b1386007-10@dR94@e966@f4
    
    药剂学/主编杨红梅.-天津:天津科学技术出版社,2020.07
    410页:图;26cm
    
    
    ISBN 978-7-5576-8354-2:CNY69.00
    本书分为三大模块, 分别详细介绍了液体制剂、无菌制剂、固体制剂、膏剂、膜剂、凝胶剂、栓剂、气雾剂、喷雾剂、粉雾剂、中药制剂、固体分散体、包合物、微球与微囊、缓 (控) 释制剂、生物技术药物制剂的处方设计基本原理等。
●
相关链接 在E读中查询图书 在五车中查询图书 在当当中查询图书 在豆瓣中查询图书


正题名:药剂学     索取号:R94/966         预约/预借

序号 登录号 条形码 馆藏地/架位号 状态 备注
1 1386007   213860071   第二样本阅览室/ [索取号:R94/966] 在馆    
2 1386008   213860080   第三借阅区/ [索取号:R94/966] 在馆    
3 1386009   213860099   第三借阅区/ [索取号:R94/966] 在馆    
4 1386010   213860106   第三借阅区/ [索取号:R94/966] 在馆    
唐山师范学院图书馆 欢迎您!
大连网信软件有限公司© 版权所有